The economic impact of noise. (Record no. 528318)

000 -LEADER
fixed length control field 00884nam a2200277 4500
001 - CONTROL NUMBER
control field 1721510
003 - CONTROL NUMBER IDENTIFIER
control field NUST
005 - DATE AND TIME OF LATEST TRANSACTION
control field 20190906044202.0
008 - FIXED-LENGTH DATA ELEMENTS--GENERAL INFORMATION
fixed length control field 720526s1971 dcu b 000 0 eng
010 ## - LIBRARY OF CONGRESS CONTROL NUMBER
LC control number 72600849
038 ## - RECORD CONTENT LICENSOR
Staff Name MSOHAIL
040 ## - CATALOGING SOURCE
Original cataloging agency DLC
Transcribing agency DLC
Modifying agency DLC
043 ## - GEOGRAPHIC AREA CODE
Geographic area code n-us---
050 00 - LIBRARY OF CONGRESS CALL NUMBER
Classification number TD893
Item number .A48
082 00 - DEWEY DECIMAL CLASSIFICATION NUMBER
Classification number 338.47620230973
Author Mark EPA
100 ## - MAIN ENTRY--PERSONAL NAME
Personal name US Env Protection Agency
9 (RLIN) 20037
110 1# - MAIN ENTRY--CORPORATE NAME
Corporate name or jurisdiction name as entry element United States.
Subordinate unit National Bureau of Standards.
9 (RLIN) 20038
245 14 - TITLE STATEMENT
Title The economic impact of noise.
260 ## - PUBLICATION, DISTRIBUTION, ETC.
Place of publication, distribution, etc. Washington,
Name of publisher, distributor, etc. U.S. Office of Noise Abatement and Control,
Date of publication, distribution, etc. 1971.
300 ## - PHYSICAL DESCRIPTION
Extent viii, 104 p.
Dimensions 29 cm.
504 ## - BIBLIOGRAPHY, ETC. NOTE
Bibliography, etc. note Bibliography: p. 100-104.
650 #0 - SUBJECT ADDED ENTRY--TOPICAL TERM
Topical term or geographic name entry element Noise pollution
Geographic subdivision United States.
9 (RLIN) 20039
710 1# - ADDED ENTRY--CORPORATE NAME
Corporate name or jurisdiction name as entry element United States.
Subordinate unit Office of Noise Abatement and Control.
9 (RLIN) 20040
906 ## - LOCAL DATA ELEMENT F, LDF (RLIN)
a 7
b cbc
c orignew
d 3
e ncip
f 19
g y-gencatlg
942 ## - ADDED ENTRY ELEMENTS (KOHA)
Source of classification or shelving scheme
Koha item type Book
Holdings
Withdrawn status Lost status Source of classification or shelving scheme Damaged status Not for loan Permanent Location Current Location Date acquired Total Checkouts Full call number Barcode Date last seen Price effective from Koha item type
          School of Civil and Environmental Engineering (SCEE) School of Civil and Environmental Engineering (SCEE) 09/06/2019   338.47620230973 EPA NIT-10374 09/06/2019 09/06/2019 Book
© 2023 Central Library, National University of Sciences and Technology. All Rights Reserved.